Регионална библиотека "Любен Каравелов" - Русе

Литература (Запис номер 435036)

MARC детайли
000 -Лидер
Контролно поле с фиксирана дължина nam a22 a 4500
003 - Код на организацията, давaща контролен номер
Контролно поле BLK
005 - Дата и час на последна редакция
Контролно поле 20230406030504.0
008 - Елементи от данни с фиксирана дължина
fixed length control field 211029b bu |||||r|||| 00| | bu d
040 ## - Източник на каталожния запис
Идентификатор на билиотеката - собственик на записа BLK
041 ## - Код за език
Код за езика на текст/звукозапис или на отделно заглавие Български
Код за езика КДБФ Български
080 ## - УДК
Текстов определител УДК Българска литература(изследвания)
УДК код - определител по УДК 821.163.2.09
УДК определител (075)
УДК - код + определител 821.163.2.09(075)
139 ## - Редно поле
Редна дума Литература
245 ## - Сведения за заглавието
Заглавие Литература
Подзаглавни данни Учебник за I курс на пром. у-ща
Редно поле (дума) Пантелей Зарев и др
260 ## - Област на издателските данни
9 (RLIN) 443233
Място на издаване, разпространение и проч. София
Име на издателя, разпространителя и проч. Нар. просвета
Година на издаване 1958
300 ## - Физическа характеристика
Страници 139 с.
Илюстрации и др. с портр.
Размери/Мащаб 22 см
380 ## - Жанр
Жанр Литературознание
500 ## - Общи забележки
Забележка Други авт. : Неделко Драганов, Иванка Тодорова, Стефана Иванова
650 #0 - Допълнително описание по предмет – тема
Основно описание – тема или топоним Българска литература
9 (RLIN) 243597
653 #7 - Ключова дума – ненормативна
9 (RLIN) 189964
Ключова дума литература
653 #7 - Ключова дума – ненормативна
9 (RLIN) 199112
Ключова дума учебници за средни училища
852 ## - Местоположение
Форматна сигнатура Цб 11111
Фондова буква Основен фонд - ползва се само за читалня
999 ## - СИСТЕМНИ КОНТРОЛНИ НОМЕРА
Koha biblionumber 435036
Koha biblioitemnumber 435036
942 ## - АРТИКУЛИ
Вид на библиотечния материал Книги
Скрит в OPAC Не
Периодичен библиозапис Да
944 ## - СЪЗДАВАНЕ И РЕДАКЦИЯ на ЗАПИСА
Създаване/Редакция Създаване
Дата на регистрацията/редакция 2021-10-29
Служител, извършил регистрацията/редакцията Христина Везирева
Наличности
Код за отписване Код за изгубен артикул Източник на класификационната схема Код за повреда Коз за рестрикции Код за отдаване Артикулен № Име на библиотеката - собственик Име на библиотеката, в която се намира в момента Статус (Текущо местоположение) Дата на вписване в системата Местоположение - отдел Цена в лева Инвентарен номер Систематично азбучна сигнатура Баркод Цена в евро Служебен тип на артикула
  Не е изгубен Universal Decimal Classification Не е повреден само за читалня ползва се в читалня 859455 Регионална библиотека "Любен Каравелов" Русе Регионална библиотека "Любен Каравелов" Русе Хранилище 2021-10-30 Основен фонд - ползва се само за читалня 0.35 8362/58 Цб 11111 900000081573 0.18 Книги
Vip Innovations Ltd, Rousse, Bulgaria 2025